Vincitori pallone d’oro- Morte istantanea - Statistics

Statistiche generali
  • Questo quiz è stato fatto 154 volte
  • Il punteggio medio è 6 su 9
Answers on the Grid
Answers color-coded by a green-red scale on the quiz's grid according to % correct below.
Gianluigi Buffon
Lev Yashin
Gerrard Piquè
Andres Iniesta
Cristiano Ronaldo
Lionel Messi
Ronaldinho
Fabio Cannavaro
Mohammed Salah
Garrincha
Ronaldo Nazario
Thierry Hanry
Wayne Rooney
Karim Benzema
Robert Lewandowski
Marco Reus
Andriy Shevchenko
Thibaut Courtois
Ousmane Dembelè
Alfredo Di Stefano
 
Statistiche sulle risposte
Risposta % Corretto
Lionel Messi
86%
Cristiano Ronaldo
83%
Fabio Cannavaro
81%
Ronaldinho
74%
Lev Yashin
69%
Karim Benzema
65%
Ronaldo Nazario
58%
Ousmane Dembelè
27%
Alfredo Di Stefano
15%
Nessun quiz corrispondente trovato
Distribuzione punteggi
Percentuale di utenti per punteggio
Percentile per numero di risposta
I tuoi punteggi nel tempo
Non hai fatto questo quiz